We have seen the best of our times: Short stories (Record no. 155581)

MARC details
000 -LEADER
fixed length control field 00381nam a2200145Ia 4500
008 - FIXED-LENGTH DATA ELEMENTS--GENERAL INFORMATION
fixed length control field 230917s9999||||xx |||||||||||||| ||und||
040 ## - CATALOGING SOURCE
-- 42733
Original cataloging agency VIVEKANANDA LIBRARY
041 ## - Language
-- English
082 ## - DDC NUMBER
Classification number 813.081 P854W
100 ## - MAIN ENTRY--PERSONAL NAME
Personal name Potter, Nancy A J
245 #0 - TITLE STATEMENT
Title We have seen the best of our times: Short stories
260 ## - PUBLICATION, DISTRIBUTION, ETC. (IMPRINT)
Place of publication, distribution, etc New York
Name of publisher, distributor, etc Alfred A Knopf
Date of publication, distribution, etc 1968
300 ## - PHYSICAL DESCRIPTION
Pages 242 p.
942 ## - ADDED ENTRY ELEMENTS (KOHA)
Koha item type Books
Holdings
Withdrawn status Lost status Damaged status Not for loan Location (home branch) Sublocation or collection (holding branch) Date acquired Koha issues (times borrowed) Koha full call number Accession No. Koha date last seen Koha item type
        VIVEKANANDA LIBRARY VIVEKANANDA LIBRARY 13/11/2002   813.081 P854W 28245 17/09/2023 Books
© Designed and Maintained by Vivekananda Library, MDU Rohtak